00000000nam##2200000za#4500
0019.684199
003CaOODSP
00520250108143215
007ta
008150407|2008||||xxc|||||     f|0| 0 fre|d
040 |aCaOODSP|bfre
043 |an-cn---
0861 |aFo104-1/2008F
1101 |aCanada.|bRessources naturelles Canada. |bService canadien des forêts.
24510|aInsectes et maladies s'attaquant a l'arbre de Noël : |bun guide de terrain / |cPublié par le Centre de foresterie de l'Atlantique.
260 |aFredericton - Connecticut : |bRessources naturelles Canada. |cc2008.
300 |a17p.|bphotographies
500 |aLe n° de catalogue (Fo104-1/2008) et l'ISBN (978-0-662-05492-4) imprimés dans cette publication sont incorrects.
5203 |aCe guide de poche décrit les insectes et les maladies du sapin baumier et de l’épinette, souvent utilisés pour la production d’arbres de Noël. Il donne une description des insectes nuisibles, dont le diprion du sapin, le puceron des pousses du sapin et la tordeuse des bourgeons de l’épinette, ainsi que des insectes bénéfiques comme les trichogrammes, les tachinaires et les punaises à bouclier. Il traite de différentes maladies, notamment les rouilles des aiguilles du sapin baumier et le rouille-balai de sorcière. Différents renseignements sont présentés pour chaque insecte ou maladie – cycle saisonnier, dommages, détection et surveillance, et lutte.
563 |aReliure à spirale
590 |a08-13|b2008-03-28
69107|aInsecte|2gcpds
69107|aMaladie des plantes|2gcpds
77508|tChristmas tree insects and diseases : |w(CaOODSP)9.651154
7760#|tInsectes et maladies s'attaquant a l'arbre de Noël : |w(CaOODSP)9.946637